| 000 | 00819cab a2200241 4500 | ||
|---|---|---|---|
| 001 | WB3110-37 | ||
| 008 | 090401t1995 xxu||||| |||| 00| 0 eng d | ||
| 035 | _a(Sirsi) u22710 | ||
| 041 | _aeng | ||
| 245 | _aCrisis in French property market | ||
| 260 | _c1995 | ||
| 350 | _a0 | ||
| 490 |
_aDaily Telegraph _v6 March 1995, 31(2) |
||
| 520 | _aConsiders growing problems in the French property market highlighted by the announcement of Ff4.7 billion losses by Cie Financiere de Suez and their intention to withdraw from the property sector. | ||
| 650 | _aCIE FINANCIERE DE SUEZ | ||
| 650 | _aFRANCE | ||
| 650 | _aINSTITUTIONAL INVESTMENT | ||
| 650 | _aPROPERTY MARKET | ||
| 690 | _aPROPERTY-COMMERCIAL PROPERTY-COMMERCIAL PROPERTY MARKET | ||
| 690 | _aOVERSEAS-EUROPE | ||
| 942 | _n0 | ||
| 948 | _c04/03/1997 | ||
| 999 |
_c15224 _d15224 |
||